La fenomenología

Tallennettuna:
Bibliografiset tiedot
Päätekijä: Lyotard, Jean-François (autor)
Aineistotyyppi: Kirja
Kieli:espanja
Julkaistu: Buenos Aires EUDEBA 1970
Painos:4a. ed
Sarja:Cuadernos de EUDEBA, 31
Aiheet:
Tagit: Lisää tagi
Ei tageja, Lisää ensimmäinen tagi!

MARC

LEADER 00000nam a2200000 a 4500
001 UCZ2234
003 CL-VaPUC
008 950926e19700000AG |||||||||||||||||spa|d
082 0 4 |a 142.7  |b LYO  |2 21 
100 |a Lyotard, Jean-François  |e autor  |9 452660 
245 1 3 |a La fenomenología 
250 |a 4a. ed 
300 |a 63 p 
942 |c BK 
945 |d 19950926 00:00:00  |a lriquelm 
260 |a Buenos Aires  |b EUDEBA  |c 1970 
650 0 |a Filosofía   |9 223554 
650 0 |a Psicología   |9 257863 
650 0 |a Sociología   |9 255410 
650 0 |a Historia  |9 255047 
650 0 |a Fenomenología  |9 256519 
583 |a last modification  |c 19950926 00:00:00  |k Rodrigo Vera 
490 0 |a Cuadernos de EUDEBA, 31 
999 |c 238872  |d 238870 
952 |0 0  |1 0  |4 0  |6 142_700000000000000_LYO_1970  |7 0  |8 A  |9 249451  |a BIBEDU  |b BIBEDU  |d 2019-11-18  |i 156644K  |l 1  |o 142.7 LYO 1970  |p 156644K  |r 2024-09-09  |s 2024-08-13  |w 2019-11-18  |y BK  |k FIL 
952 |0 0  |1 0  |4 0  |6 142_700000000000000_LYO_1970  |7 0  |8 A  |9 249452  |a BIBHIS  |b BIBHIS  |d 2019-11-18  |i 1338846  |o 142.7 LYO 1970  |p 1338846  |r 2025-01-20  |w 2019-11-18  |y BK  |k HIS